000 00484nam a2200181Ia 4500
005 20250203010814.0
008 240331s9999 xx 000 0 und d
082 _bJAN
_245
_a305.4
100 _aJaneway, E
245 0 _aMan's World, Women's Place:
_bA Study in Social Mythology
260 _aMiddlesex;
_aNew York;
_aVictoria;
_aAuckland
_bPenguin Books
_c1977
300 _a351 p.,
650 _aWomen
650 _aHistory
650 _aMythology
650 _aSociety
942 _cL
999 _c1323
_d1323